000 00462cam a2200181ua 4500
001 759
008 110419n ii |||gr||||Z||||||eng
040 _cMAIN
082 _a320.50954
245 1 _aIndian political thinkers
_cby Vishnoo Bhagwan
250 _a1st.
260 _aDelhi:
_bAtma Ram & sons,976.
300 _a249p.:
_c20cm.
653 _aPolitical science
653 _aIndian political thinkers
700 _aBhagwan, Vishnoo.,
_eAuthor.
942 _cBK
999 _c685
_d685